| 000 | 00539nam a2200181Ia 4500 | ||
|---|---|---|---|
| 003 | IN-BaIIA | ||
| 008 | 211028s9999 xx 000 0 eng d | ||
| 040 | _cIIA Library | ||
| 080 |
_a530.1 _bJAU |
||
| 100 |
_aJauncey, G. E. M. _92368 |
||
| 245 | 0 |
_aModern physics _ba second course in college physics _cG. E. M Jauncey |
|
| 260 |
_aLondon _bChapman and Hall _c1933 |
||
| 300 | _axvii, 568p. | ||
| 650 |
_aModern physics _91851 |
||
| 650 | _aNASA Thesaurus | ||
| 650 |
_aPhysics _973 |
||
| 942 | _cBK | ||
| 999 |
_c1123 _d1123 |
||